Statistics for Guess The Game Based on The Water Level

Click here to take the quiz!

General Stats

  • This quiz has been taken 8 times
  • The average score is 5 of 16

Answer Stats

Answer% Correct
Free question :D
100%
Spongebob: Battle For Bikini Bottom
83%
Mario Kart 8
67%
Rocket League
67%
Bloons Tower Defense 6
50%
Super Mario 64
50%
Super Mario Odyssey
33%
Bloodborne
17%
Inside
17%
The Call of Cthluhu
17%
The Legend of Zelda Ocarina of Time
17%
Webkinz
17%
Alice: Madness Returns
0%
Escape The Backrooms
0%
Shadow of The Colossus
0%
Uncharted 3: Drakes Forbidden Loot: Rafe's Revenge of The Gilded Abyss edition; Ps2 Remastered
0%

Score Distribution

Percentile by Number Answered

Percent of People with Each Score

Your Score History

You have not taken this quiz